[Event "DEM U16 2022"]
[Site "Willingen GER"]
[Date "2022.06.10"]
[Round "8"]
[White "Heinrich, John"]
[Black "Hommer, Jeremy"]
[Result "1/2-1/2"]
[Termination "normal"]
[Board "5"]
[WhiteElo "2011"]
[BlackElo "2123"]
[WhiteClock "00:05:53"]
[BlackClock "00:04:35"]
[PlyCount "62"]
[WhiteFideId "16259491"]
[BlackFideId "12992577"]
[EventCountry "GER"]
[EventRounds "9"]
[EventType "swiss"]
[EventDate "2022.06.04"]

1. e4 {[%clk 1:30:57]} c6 {[%clk 1:30:54]} 2. d4 {[%clk 1:30:57]} d5 {[%clk
1:31:14]} 3. Nd2 {[%clk 1:30:50]} dxe4 {[%clk 1:31:35]} 4. Nxe4 {[%clk
1:31:15]} Nf6 {[%clk 1:31:58]} 5. Nxf6+ {[%clk 1:31:41]} exf6 {[%clk 1:32:22]}
6. c3 {[%clk 1:32:06]} Bd6 {[%clk 1:32:45]} 7. Bd3 {[%clk 1:32:07]} O-O {[%clk
1:33:06]} 8. Qc2 {[%clk 1:32:33]} c5 {[%clk 1:33:23]} 9. Bxh7+ {[%clk 1:16:46]}
Kh8 {[%clk 1:33:48]} 10. dxc5 {[%clk 1:09:24]} Bxc5 {[%clk 1:32:34]} 11. Ne2
{[%clk 1:03:07]} g6 {[%clk 1:24:05]} 12. Bxg6 {[%clk 1:03:16]} fxg6 {[%clk
1:24:24]} 13. Qxg6 {[%clk 1:03:25]} Qe8 {[%clk 1:18:22]} 14. Qh6+ {[%clk
1:01:41]} Kg8 {[%clk 1:18:48]} 15. O-O {[%clk 1:01:21]} Bf5 {[%clk 1:14:35]}
16. Be3 {[%clk 0:38:40]} Na6 {[%clk 1:05:08]} 17. Nd4 {[%clk 0:32:09]} Bxd4
{[%clk 0:58:36]} 18. Bxd4 {[%clk 0:31:58]} Qg6 {[%clk 0:58:40]} 19. Qf4 {[%clk
0:31:00]} Rae8 {[%clk 0:53:10]} 20. Rfe1 {[%clk 0:30:13]} b6 {[%clk 0:38:12]}
21. a4 {[%clk 0:23:52]} Qg5 {[%clk 0:22:39]} 22. Qf3 {[%clk 0:17:37]} Nc5
{[%clk 0:22:28]} 23. Bxc5 {[%clk 0:15:01]} bxc5 {[%clk 0:22:51]} 24. Qd5+
{[%clk 0:14:07]} Be6 {[%clk 0:22:38]} 25. Qxg5+ {[%clk 0:14:18]} fxg5 {[%clk
0:23:07]} 26. Re5 {[%clk 0:14:32]} Rf5 {[%clk 0:21:47]} 27. Rae1 {[%clk
0:14:32]} Kf7 {[%clk 0:21:39]} 28. f3 {[%clk 0:08:00]} Kf6 {[%clk 0:15:18]} 29.
R5e4 {[%clk 0:07:46]} Re7 {[%clk 0:13:10]} 30. h4 {[%clk 0:06:34]} Rd5 {[%clk
0:04:35]} 31. hxg5+ {[%clk 0:05:53]} Ke5 1/2-1/2

[Event "DEM U16 2022"]
[Site "Willingen GER"]
[Date "2022.06.10"]
[Round "8"]
[White "Stork, Christopher"]
[Black "Trushko, Andrii"]
[Result "0-1"]
[Termination "normal"]
[Board "6"]
[WhiteElo "1994"]
[BlackElo "1897"]
[WhiteClock "00:05:22"]
[BlackClock "00:27:10"]
[PlyCount "182"]
[WhiteFideId "16215400"]
[BlackFideId "14172887"]
[EventCountry "GER"]
[EventRounds "9"]
[EventType "swiss"]
[EventDate "2022.06.04"]

1. e4 {[%clk 1:30:45]} c6 {[%clk 1:30:10]} 2. d4 {[%clk 1:30:57]} d5 {[%clk
1:30:27]} 3. e5 {[%clk 1:31:21]} c5 {[%clk 1:30:40]} 4. dxc5 {[%clk 1:31:44]}
e6 {[%clk 1:31:06]} 5. a3 {[%clk 1:32:09]} a5 {[%clk 1:30:52]} 6. Nc3 {[%clk
1:32:25]} Nd7 {[%clk 1:28:31]} 7. Bb5 {[%clk 1:29:39]} Qc7 {[%clk 1:28:21]} 8.
Nf3 {[%clk 1:28:07]} Bxc5 {[%clk 1:27:50]} 9. O-O {[%clk 1:26:48]} Ne7 {[%clk
1:26:29]} 10. Bf4 {[%clk 1:25:07]} O-O {[%clk 1:22:32]} 11. Bg3 {[%clk
1:21:43]} Rd8 {[%clk 1:17:16]} 12. Bd3 {[%clk 1:17:22]} Nf8 {[%clk 1:12:16]}
13. Re1 {[%clk 1:05:15]} Bd7 {[%clk 1:08:04]} 14. Qd2 {[%clk 1:02:49]} Rab8
{[%clk 1:02:39]} 15. h4 {[%clk 0:57:18]} b5 {[%clk 0:58:18]} 16. h5 {[%clk
0:55:41]} b4 {[%clk 0:57:21]} 17. Ne2 {[%clk 0:55:25]} Bb5 {[%clk 0:49:40]} 18.
Bxb5 {[%clk 0:54:04]} Rxb5 {[%clk 0:50:09]} 19. Ned4 {[%clk 0:54:22]} Rb6
{[%clk 0:47:54]} 20. h6 {[%clk 0:52:23]} Nfg6 {[%clk 0:46:10]} 21. hxg7 {[%clk
0:50:02]} Kxg7 {[%clk 0:45:52]} 22. axb4 {[%clk 0:47:55]} axb4 {[%clk 0:44:03]}
23. Bf4 {[%clk 0:44:55]} Nxf4 {[%clk 0:43:43]} 24. Qxf4 {[%clk 0:45:23]} Ng6
{[%clk 0:44:05]} 25. Qf6+ {[%clk 0:39:29]} Kg8 {[%clk 0:44:22]} 26. Ra7 {[%clk
0:37:05]} Qxa7 {[%clk 0:44:45]} 27. Qxd8+ {[%clk 0:37:30]} Bf8 {[%clk 0:44:30]}
28. g3 {[%clk 0:36:22]} Rb8 {[%clk 0:42:05]} 29. Qg5 {[%clk 0:36:44]} Rc8
{[%clk 0:41:39]} 30. Kg2 {[%clk 0:34:53]} Rc4 {[%clk 0:37:32]} 31. c3 {[%clk
0:33:32]} bxc3 {[%clk 0:37:24]} 32. bxc3 {[%clk 0:34:00]} Qe7 {[%clk 0:37:14]}
33. Qd2 {[%clk 0:29:01]} Qc5 {[%clk 0:32:51]} 34. Rh1 {[%clk 0:26:26]} Rxc3
{[%clk 0:28:06]} 35. Qg5 {[%clk 0:23:12]} Qb6 {[%clk 0:26:45]} 36. Ra1 {[%clk
0:19:39]} Rc4 {[%clk 0:24:11]} 37. Qd2 {[%clk 0:16:21]} Qb4 {[%clk 0:22:41]}
38. Qe3 {[%clk 0:15:48]} Qc3 {[%clk 0:21:30]} 39. Qxc3 {[%clk 0:14:46]} Rxc3
{[%clk 0:21:59]} 40. Ra8 {[%clk 0:15:05]} Rc7 {[%clk 0:22:13]} 41. Nb5 {[%clk
0:14:17]} Rc6 {[%clk 0:15:05]} 42. Nfd4 {[%clk 0:11:14]} Rc4 {[%clk 0:13:53]}
43. Nf3 {[%clk 0:07:52]} h5 {[%clk 0:12:37]} 44. Nd6 {[%clk 0:07:39]} Rc2
{[%clk 0:12:24]} 45. Nd4 {[%clk 0:01:30]} Rb2 {[%clk 0:11:06]} 46. Nf3 {[%clk
0:26:19]} Kg7 {[%clk 0:38:17]} 47. Ra7 {[%clk 0:22:28]} Be7 {[%clk 0:34:20]}
48. Ne8+ {[%clk 0:20:07]} Kf8 {[%clk 0:33:25]} 49. Nf6 {[%clk 0:16:11]} Rxf2+
{[%clk 0:30:03]} 50. Kxf2 {[%clk 0:16:40]} Bc5+ {[%clk 0:30:27]} 51. Ke2 {[%clk
0:17:02]} Bxa7 {[%clk 0:30:55]} 52. Nxh5 {[%clk 0:17:26]} Bb8 {[%clk 0:30:46]}
53. Nf6 {[%clk 0:17:41]} Kg7 {[%clk 0:31:09]} 54. Ng4 {[%clk 0:16:18]} Ne7
{[%clk 0:31:06]} 55. Nh4 {[%clk 0:13:19]} Nc6 {[%clk 0:31:09]} 56. Nf3 {[%clk
0:13:34]} Kg6 {[%clk 0:31:15]} 57. Kd3 {[%clk 0:13:43]} Ne7 {[%clk 0:30:14]}
58. Ke3 {[%clk 0:12:39]} Bc7 {[%clk 0:30:00]} 59. Kf4 {[%clk 0:12:21]} Nf5
{[%clk 0:28:54]} 60. Nf2 {[%clk 0:07:09]} Bb6 {[%clk 0:27:57]} 61. Nd1 {[%clk
0:07:04]} Ne7 {[%clk 0:27:59]} 62. g4 {[%clk 0:06:42]} Bc7 {[%clk 0:28:07]} 63.
Ne3 {[%clk 0:05:30]} f6 {[%clk 0:27:37]} 64. g5 {[%clk 0:03:07]} fxe5+ {[%clk
0:27:36]} 65. Kg4 {[%clk 0:02:43]} Nf5 {[%clk 0:27:05]} 66. Nf1 {[%clk
0:01:40]} e4 {[%clk 0:26:50]} 67. Ne1 {[%clk 0:01:47]} e5 {[%clk 0:26:16]} 68.
Nc2 {[%clk 0:01:16]} Ba5 {[%clk 0:26:22]} 69. Nfe3 {[%clk 0:01:01]} Ne7 {[%clk
0:25:13]} 70. Ng2 {[%clk 0:00:56]} d4 {[%clk 0:24:49]} 71. Nf4+ {[%clk
0:00:38]} Kf7 {[%clk 0:23:00]} 72. Ng2 {[%clk 0:00:48]} Bd2 {[%clk 0:22:32]}
73. Na3 {[%clk 0:00:58]} Ke6 {[%clk 0:22:23]} 74. Kg3 {[%clk 0:01:16]} Bxg5
{[%clk 0:22:40]} 75. Kf2 {[%clk 0:01:43]} Kd5 {[%clk 0:22:58]} 76. Nb5 {[%clk
0:01:56]} Ng6 {[%clk 0:22:56]} 77. Nc7+ {[%clk 0:02:20]} Kd6 {[%clk 0:23:18]}
78. Nb5+ {[%clk 0:02:21]} Kc6 {[%clk 0:23:27]} 79. Na3 {[%clk 0:02:42]} Kc5
{[%clk 0:23:56]} 80. Nb1 {[%clk 0:02:44]} Kb4 {[%clk 0:24:05]} 81. Ke1 {[%clk
0:03:04]} e3 {[%clk 0:24:11]} 82. Kd1 {[%clk 0:03:18]} Kb3 {[%clk 0:23:46]} 83.
Ne1 {[%clk 0:03:28]} Kb2 {[%clk 0:24:03]} 84. Nf3 {[%clk 0:03:47]} Bf4 {[%clk
0:24:24]} 85. Ke2 {[%clk 0:03:55]} Kxb1 {[%clk 0:24:47]} 86. Kd3 {[%clk
0:04:22]} Kc1 {[%clk 0:25:08]} 87. Ke2 {[%clk 0:04:43]} Kc2 {[%clk 0:25:30]}
88. Ne1+ {[%clk 0:05:06]} Kc3 {[%clk 0:25:59]} 89. Nd3 {[%clk 0:04:50]} e4
{[%clk 0:26:21]} 90. Nc5 {[%clk 0:04:58]} d3+ {[%clk 0:26:43]} 91. Kd1 {[%clk
0:05:22]} e2+ {[%clk 0:27:10]} 0-1

[Event "DEM U16 2022"]
[Site "Willingen GER"]
[Date "2022.06.10"]
[Round "8"]
[White "Bui, Bao Anh Le"]
[Black "Albert, Markus"]
[Result "1-0"]
[Termination "normal"]
[Board "7"]
[WhiteElo "2127"]
[BlackElo "2053"]
[WhiteClock "00:26:03"]
[BlackClock "00:24:16"]
[PlyCount "115"]
[WhiteFideId "12970719"]
[BlackFideId "16292626"]
[EventCountry "GER"]
[EventRounds "9"]
[EventType "swiss"]
[EventDate "2022.06.04"]

1. e4 {[%clk 1:30:29]} e5 {[%clk 1:30:40]} 2. Nf3 {[%clk 1:30:36]} Nc6 {[%clk
1:30:36]} 3. Bc4 {[%clk 1:30:45]} Nf6 {[%clk 1:30:36]} 4. d3 {[%clk 1:30:53]}
h6 {[%clk 1:30:45]} 5. c3 {[%clk 1:17:06]} d6 {[%clk 1:30:05]} 6. Nbd2 {[%clk
1:15:51]} g5 {[%clk 1:30:12]} 7. h4 {[%clk 1:10:23]} g4 {[%clk 0:51:44]} 8. Nh2
{[%clk 1:10:34]} Rg8 {[%clk 0:49:52]} 9. Nhf1 {[%clk 1:07:35]} Nh5 {[%clk
0:48:07]} 10. g3 {[%clk 1:05:56]} Nf6 {[%clk 0:45:06]} 11. Ne3 {[%clk 1:00:43]}
a6 {[%clk 0:34:53]} 12. a4 {[%clk 0:58:46]} Be6 {[%clk 0:34:21]} 13. O-O {[%clk
0:40:50]} d5 {[%clk 0:20:22]} 14. exd5 {[%clk 0:31:45]} Nxd5 {[%clk 0:18:53]}
15. Ne4 {[%clk 0:30:57]} Be7 {[%clk 0:14:47]} 16. Bxd5 {[%clk 0:22:50]} Bxd5
{[%clk 0:15:00]} 17. Nf5 {[%clk 0:23:06]} h5 {[%clk 0:12:05]} 18. Nxe7 {[%clk
0:18:31]} Qxe7 {[%clk 0:10:29]} 19. Bg5 {[%clk 0:18:48]} Qe6 {[%clk 0:09:42]}
20. Nf6+ {[%clk 0:08:48]} Kf8 {[%clk 0:10:05]} 21. Nxd5 Qxd5 {[%clk 0:10:27]}
22. f3 {[%clk 0:05:17]} gxf3 {[%clk 0:06:55]} 23. Qxf3 {[%clk 0:05:43]} Qxf3
{[%clk 0:03:29]} 24. Rxf3 {[%clk 0:06:09]} Rxg5 {[%clk 0:03:31]} 25. hxg5
{[%clk 0:06:35]} Kg7 {[%clk 0:03:37]} 26. Raf1 {[%clk 0:07:02]} Rf8 {[%clk
0:04:00]} 27. Rf6 {[%clk 0:07:18]} Ne7 {[%clk 0:04:23]} 28. Rh6 {[%clk
0:06:41]} Nd5 {[%clk 0:03:56]} 29. Rf3 {[%clk 0:05:55]} Rd8 {[%clk 0:03:14]}
30. Rxh5 {[%clk 0:04:31]} Kg6 {[%clk 0:03:27]} 31. Rh4 {[%clk 0:02:56]} Rd7
{[%clk 0:03:12]} 32. Re4 {[%clk 0:03:01]} Re7 {[%clk 0:02:58]} 33. d4 {[%clk
0:02:23]} exd4 {[%clk 0:03:22]} 34. Rxe7 {[%clk 0:02:31]} Nxe7 {[%clk 0:03:46]}
35. Rf6+ {[%clk 0:02:28]} Kg7 {[%clk 0:03:32]} 36. cxd4 {[%clk 0:02:45]} Nd5
{[%clk 0:03:19]} 37. Rf5 {[%clk 0:02:51]} c6 {[%clk 0:02:53]} 38. Kf2 {[%clk
0:02:45]} Kg6 {[%clk 0:03:16]} 39. g4 {[%clk 0:02:32]} Nc7 {[%clk 0:03:37]} 40.
Rf6+ {[%clk 0:01:46]} Kg7 {[%clk 0:03:49]} 41. Kf3 {[%clk 0:28:15]} Ne8 {[%clk
0:29:41]} 42. Rh6 {[%clk 0:27:25]} Kg8 {[%clk 0:28:42]} 43. Ke4 {[%clk
0:27:29]} Kg7 {[%clk 0:29:03]} 44. Ke5 {[%clk 0:26:38]} a5 {[%clk 0:28:44]} 45.
b3 {[%clk 0:25:45]} Nc7 {[%clk 0:28:19]} 46. Rd6 {[%clk 0:25:24]} Na6 {[%clk
0:24:54]} 47. Rd7 {[%clk 0:24:31]} b5 {[%clk 0:24:43]} 48. axb5 {[%clk
0:24:51]} cxb5 {[%clk 0:25:09]} 49. Ra7 {[%clk 0:25:11]} Nb4 {[%clk 0:25:08]}
50. d5 {[%clk 0:25:18]} a4 {[%clk 0:24:56]} 51. bxa4 {[%clk 0:25:18]} bxa4
{[%clk 0:25:09]} 52. Rxa4 {[%clk 0:25:38]} Nd3+ {[%clk 0:25:26]} 53. Kf5 {[%clk
0:25:41]} Nc5 {[%clk 0:25:01]} 54. Ra7 {[%clk 0:25:52]} Kf8 {[%clk 0:25:03]}
55. d6 {[%clk 0:25:58]} Ke8 {[%clk 0:24:59]} 56. Rc7 {[%clk 0:25:31]} Ne6
{[%clk 0:23:58]} 57. Re7+ {[%clk 0:25:49]} Kf8 {[%clk 0:24:16]} 58. Rxe6 {[%clk
0:26:03]} 1-0

[Event "DEM U16 2022"]
[Site "Willingen GER"]
[Date "2022.06.10"]
[Round "8"]
[White "Jaskulski, Jan"]
[Black "Metzdorf, Matteo"]
[Result "1/2-1/2"]
[Termination "normal"]
[Board "8"]
[WhiteElo "1727"]
[BlackElo "2009"]
[WhiteClock "00:01:05"]
[BlackClock "00:03:10"]
[PlyCount "76"]
[WhiteFideId "21877807"]
[BlackFideId "16209869"]
[EventCountry "GER"]
[EventRounds "9"]
[EventType "swiss"]
[EventDate "2022.06.04"]

1. e4 {[%clk 1:30:55]} c5 {[%clk 1:30:53]} 2. Nf3 {[%clk 1:31:21]} e6 {[%clk
1:31:18]} 3. d4 {[%clk 1:31:46]} cxd4 {[%clk 1:31:33]} 4. Nxd4 {[%clk 1:31:37]}
a6 {[%clk 1:31:51]} 5. Bd3 {[%clk 1:31:03]} Nf6 {[%clk 1:29:59]} 6. O-O {[%clk
1:30:24]} Qc7 {[%clk 1:28:35]} 7. Qe2 {[%clk 1:29:47]} d6 {[%clk 1:28:20]} 8.
f4 {[%clk 1:28:47]} Nbd7 {[%clk 1:26:31]} 9. c4 {[%clk 1:28:39]} Be7 {[%clk
1:15:44]} 10. Nc3 {[%clk 1:28:53]} b6 {[%clk 1:14:55]} 11. Nf3 {[%clk 1:07:24]}
g6 {[%clk 1:00:55]} 12. b3 {[%clk 0:40:07]} O-O {[%clk 0:48:05]} 13. Bb2 {[%clk
0:38:06]} Bb7 {[%clk 0:45:47]} 14. Rae1 {[%clk 0:35:59]} Rad8 {[%clk 0:39:29]}
15. Kh1 {[%clk 0:34:45]} Rfe8 {[%clk 0:36:09]} 16. Bb1 {[%clk 0:26:57]} Qb8
{[%clk 0:30:53]} 17. Qf2 {[%clk 0:19:02]} Rf8 {[%clk 0:24:33]} 18. Qh4 {[%clk
0:09:12]} Rfe8 {[%clk 0:08:45]} 19. Ng5 {[%clk 0:07:06]} Nh5 {[%clk 0:05:37]}
20. Qg4 {[%clk 0:05:13]} Ndf6 {[%clk 0:04:24]} 21. Qh3 {[%clk 0:05:06]} e5
{[%clk 0:04:27]} 22. fxe5 {[%clk 0:01:07]} dxe5 {[%clk 0:04:32]} 23. Qe3 {[%clk
0:00:35]} Bc5 {[%clk 0:04:09]} 24. Qh3 {[%clk 0:00:39]} Bc8 {[%clk 0:03:28]}
25. Qh4 {[%clk 0:00:53]} Be7 {[%clk 0:01:56]} 26. Nd5 {[%clk 0:00:56]} Nxd5
{[%clk 0:00:40]} 27. exd5 {[%clk 0:01:18]} h6 {[%clk 0:00:36]} 28. Qf2 {[%clk
0:01:09]} f6 {[%clk 0:00:38]} 29. Bxg6 {[%clk 0:01:13]} Nf4 {[%clk 0:00:34]}
30. Bxe8 {[%clk 0:00:43]} hxg5 {[%clk 0:01:02]} 31. Bc6 {[%clk 0:00:39]} Nd3
{[%clk 0:01:25]} 32. Qc2 {[%clk 0:01:01]} Nxe1 {[%clk 0:01:22]} 33. Qg6+ {[%clk
0:01:20]} Kh8 {[%clk 0:00:51]} 34. Qh6+ {[%clk 0:01:13]} Kg8 {[%clk 0:01:21]}
35. Qg6+ {[%clk 0:01:42]} Kh8 {[%clk 0:01:44]} 36. Rxe1 {[%clk 0:00:36]} Qd6
{[%clk 0:02:12]} 37. Qh6+ {[%clk 0:00:36]} Kg8 {[%clk 0:02:41]} 38. Qg6+ {[%clk
0:01:05]} Kh8 {[%clk 0:03:10]} 1/2-1/2

[Event "DEM U16 2022"]
[Site "Willingen GER"]
[Date "2022.06.10"]
[Round "8"]
[White "Kort, Felix"]
[Black "Chassard, Cedric"]
[Result "1/2-1/2"]
[Termination "normal"]
[Board "9"]
[WhiteElo "1888"]
[BlackElo "2072"]
[WhiteClock "00:26:47"]
[BlackClock "00:29:52"]
[PlyCount "83"]
[WhiteFideId "16220129"]
[BlackFideId "16243536"]
[EventCountry "GER"]
[EventRounds "9"]
[EventType "swiss"]
[EventDate "2022.06.04"]

1. d4 {[%clk 1:30:57]} Nf6 {[%clk 1:30:54]} 2. c4 {[%clk 1:31:24]} e6 {[%clk
1:31:22]} 3. Nc3 {[%clk 1:31:49]} Bb4 {[%clk 1:31:49]} 4. Qc2 {[%clk 1:32:14]}
O-O {[%clk 1:32:05]} 5. e4 {[%clk 1:32:42]} d5 {[%clk 1:32:15]} 6. e5 {[%clk
1:33:06]} Ne4 {[%clk 1:32:34]} 7. a3 {[%clk 1:33:34]} Bxc3+ {[%clk 1:32:11]} 8.
bxc3 {[%clk 1:33:07]} c5 {[%clk 1:31:07]} 9. Bd3 {[%clk 1:33:30]} cxd4 {[%clk
1:22:38]} 10. cxd4 {[%clk 1:33:44]} Qa5+ {[%clk 1:19:21]} 11. Kf1 {[%clk
1:34:04]} Bd7 {[%clk 1:16:39]} 12. f3 {[%clk 1:11:09]} f5 {[%clk 1:14:27]} 13.
Rb1 {[%clk 1:02:54]} Ba4 {[%clk 1:09:53]} 14. Qb2 {[%clk 0:54:49]} Nc6 {[%clk
0:58:07]} 15. Ne2 {[%clk 0:53:47]} Rf7 {[%clk 0:50:31]} 16. Be3 {[%clk
0:32:56]} Qa6 {[%clk 0:41:57]} 17. Bc2 {[%clk 0:16:28]} Na5 {[%clk 0:11:50]}
18. Bxa4 {[%clk 0:12:11]} Nxc4 {[%clk 0:11:54]} 19. Bb5 {[%clk 0:04:04]} Nxe3+
{[%clk 0:11:48]} 20. Kg1 {[%clk 0:04:33]} Qa5 {[%clk 0:10:06]} 21. fxe4 {[%clk
0:04:22]} a6 {[%clk 0:09:11]} 22. exd5 {[%clk 0:01:21]} axb5 {[%clk 0:07:51]}
23. dxe6 {[%clk 0:01:50]} Rc7 {[%clk 0:07:21]} 24. Qb3 {[%clk 0:01:26]} Qd2
{[%clk 0:05:41]} 25. e7+ {[%clk 0:00:46]} Nc4 {[%clk 0:04:00]} 26. Qf3 {[%clk
0:00:51]} Rxe7 {[%clk 0:03:30]} 27. h4 {[%clk 0:00:39]} Rxa3 {[%clk 0:03:12]}
28. Qf2 {[%clk 0:00:53]} Ra2 {[%clk 0:02:13]} 29. Re1 {[%clk 0:00:48]} Ne3
{[%clk 0:01:30]} 30. Rh3 {[%clk 0:01:13]} Nc2 {[%clk 0:01:24]} 31. Rc1 {[%clk
0:01:04]} Ra1 {[%clk 0:00:38]} 32. Rxa1 {[%clk 0:01:22]} Nxa1 {[%clk 0:01:07]}
33. Rc3 {[%clk 0:01:17]} Re8 {[%clk 0:00:54]} 34. Rc7 {[%clk 0:00:42]} b4
{[%clk 0:00:38]} 35. Qxf5 {[%clk 0:00:43]} Rf8 {[%clk 0:00:49]} 36. Rc8 {[%clk
0:00:54]} Qe1+ {[%clk 0:00:45]} 37. Kh2 {[%clk 0:00:56]} Qxh4+ {[%clk 0:00:48]}
38. Kg1 {[%clk 0:01:25]} Qe1+ {[%clk 0:01:07]} 39. Kh2 {[%clk 0:01:51]} Qh4+
{[%clk 0:01:34]} 40. Kg1 {[%clk 0:02:16]} Qe1+ {[%clk 0:01:15]} 41. Kh2 {[%clk
0:01:05]} Qh4+ {[%clk 0:29:52]} 42. Kg1 {[%clk 0:26:47]} 1/2-1/2

[Event "DEM U16 2022"]
[Site "Willingen GER"]
[Date "2022.06.10"]
[Round "8"]
[White "Rempe, Jonas"]
[Black "Bock, Marlon"]
[Result "1/2-1/2"]
[Termination "normal"]
[Board "10"]
[WhiteElo "1856"]
[BlackElo "1816"]
[WhiteClock "00:02:20"]
[BlackClock "00:15:41"]
[PlyCount "131"]
[WhiteFideId "16202406"]
[BlackFideId "16244931"]
[EventCountry "GER"]
[EventRounds "9"]
[EventType "swiss"]
[EventDate "2022.06.04"]

1. e4 {[%clk 1:30:52]} c5 {[%clk 1:30:57]} 2. Nf3 {[%clk 1:31:12]} Nc6 {[%clk
1:31:23]} 3. d4 {[%clk 1:31:35]} cxd4 {[%clk 1:31:48]} 4. Nxd4 {[%clk 1:32:01]}
Nf6 {[%clk 1:32:13]} 5. Nc3 {[%clk 1:32:27]} e5 {[%clk 1:32:33]} 6. Ndb5 {[%clk
1:32:49]} d6 {[%clk 1:32:53]} 7. Nd5 {[%clk 1:33:17]} Nxd5 {[%clk 1:33:13]} 8.
exd5 {[%clk 1:33:42]} Ne7 {[%clk 1:33:34]} 9. c4 {[%clk 1:34:06]} Ng6 {[%clk
1:33:24]} 10. h4 {[%clk 1:34:09]} Be7 {[%clk 1:32:55]} 11. h5 {[%clk 1:34:14]}
Nh4 {[%clk 1:32:51]} 12. c5 {[%clk 1:05:16]} Nf5 {[%clk 1:31:35]} 13. g4 {[%clk
0:42:44]} a6 {[%clk 1:16:15]} 14. gxf5 {[%clk 0:41:45]} axb5 {[%clk 1:16:11]}
15. Bxb5+ {[%clk 0:42:14]} Kf8 {[%clk 1:09:59]} 16. h6 {[%clk 0:33:25]} Bf6
{[%clk 1:01:20]} 17. hxg7+ {[%clk 0:28:57]} Bxg7 {[%clk 1:00:41]} 18. Bd3
{[%clk 0:29:25]} dxc5 {[%clk 0:56:11]} 19. Be4 {[%clk 0:29:11]} Qf6 {[%clk
0:49:47]} 20. Rh5 {[%clk 0:28:13]} Ra6 {[%clk 0:45:50]} 21. Be3 {[%clk
0:27:24]} Qb6 {[%clk 0:41:35]} 22. Qc2 {[%clk 0:16:38]} Qb4+ {[%clk 0:35:53]}
23. Bd2 {[%clk 0:12:06]} Qd4 {[%clk 0:33:46]} 24. Bc3 {[%clk 0:11:57]} Qa4
{[%clk 0:32:49]} 25. b3 {[%clk 0:11:12]} Qd7 {[%clk 0:32:25]} 26. O-O-O {[%clk
0:11:13]} Qd6 {[%clk 0:30:25]} 27. Bd2 {[%clk 0:10:24]} Bd7 {[%clk 0:29:03]}
28. Be3 {[%clk 0:06:30]} b6 {[%clk 0:26:13]} 29. Rdh1 {[%clk 0:05:19]} h6
{[%clk 0:25:57]} 30. Kb1 {[%clk 0:04:24]} Be8 {[%clk 0:19:47]} 31. Qc1 {[%clk
0:04:20]} f6 {[%clk 0:19:21]} 32. R5h4 {[%clk 0:02:50]} h5 {[%clk 0:19:26]} 33.
Bf3 {[%clk 0:01:53]} Bf7 {[%clk 0:17:51]} 34. Qc4 {[%clk 0:01:18]} Ra7 {[%clk
0:16:54]} 35. b4 {[%clk 0:01:02]} cxb4 {[%clk 0:16:30]} 36. Qxb4 {[%clk
0:01:31]} Ke7 {[%clk 0:15:55]} 37. Rc1 {[%clk 0:01:25]} Rha8 {[%clk 0:13:05]}
38. Qxd6+ {[%clk 0:00:37]} Kxd6 {[%clk 0:13:30]} 39. Rc6+ {[%clk 0:01:02]} Kd7
{[%clk 0:11:41]} 40. Rhc4 {[%clk 0:00:43]} Rxa2 {[%clk 0:05:08]} 41. Rc7+
{[%clk 0:30:10]} Ke8 {[%clk 0:35:27]} 42. Bxb6 {[%clk 0:27:18]} R2a3 {[%clk
0:29:26]} 43. Rc8+ {[%clk 0:23:40]} Rxc8 {[%clk 0:28:59]} 44. Rxc8+ {[%clk
0:24:08]} Ke7 {[%clk 0:29:17]} 45. Bc5+ {[%clk 0:18:28]} Kd7 {[%clk 0:29:19]}
46. Bxa3 {[%clk 0:18:17]} Kxc8 {[%clk 0:29:42]} 47. Kc2 {[%clk 0:18:14]} Kd7
{[%clk 0:26:10]} 48. Kc3 {[%clk 0:18:21]} h4 {[%clk 0:26:24]} 49. Kd3 {[%clk
0:08:01]} h3 {[%clk 0:24:10]} 50. Ke2 {[%clk 0:07:11]} h2 {[%clk 0:22:32]} 51.
Kf1 {[%clk 0:06:59]} Bh5 {[%clk 0:20:41]} 52. Be4 {[%clk 0:06:45]} Bh6 {[%clk
0:20:03]} 53. Kg2 {[%clk 0:07:06]} Bf4 {[%clk 0:19:18]} 54. Bc5 {[%clk
0:03:18]} Bf7 {[%clk 0:19:23]} 55. Bf3 {[%clk 0:03:38]} Bg8 {[%clk 0:18:48]}
56. Be3 {[%clk 0:02:57]} Kd6 {[%clk 0:17:02]} 57. Bxf4 {[%clk 0:02:52]} exf4
{[%clk 0:17:27]} 58. Kxh2 {[%clk 0:03:16]} Bxd5 {[%clk 0:17:49]} 59. Be2 {[%clk
0:00:32]} Ke5 {[%clk 0:16:38]} 60. Bg4 {[%clk 0:00:31]} Be4 {[%clk 0:16:34]}
61. f3 {[%clk 0:00:50]} Bxf5 {[%clk 0:16:31]} 62. Bh5 {[%clk 0:01:17]} Kd4
{[%clk 0:16:39]} 63. Kg2 {[%clk 0:01:30]} Ke3 {[%clk 0:16:46]} 64. Be8 {[%clk
0:01:44]} Bh3+ {[%clk 0:15:15]} 65. Kxh3 {[%clk 0:01:56]} Kxf3 {[%clk 0:15:41]}
66. Bc6+ {[%clk 0:02:20]} 1/2-1/2

[Event "DEM U16 2022"]
[Site "Willingen GER"]
[Date "2022.06.10"]
[Round "8"]
[White "Lerchl, Clemens"]
[Black "Neuber, Pascal"]
[Result "1-0"]
[Termination "normal"]
[Board "11"]
[WhiteElo "1843"]
[BlackElo "1802"]
[WhiteClock "00:13:10"]
[BlackClock "00:28:25"]
[PlyCount "65"]
[WhiteFideId "16226372"]
[BlackFideId "16227611"]
[EventCountry "GER"]
[EventRounds "9"]
[EventType "swiss"]
[EventDate "2022.06.04"]

1. e4 {[%clk 1:30:58]} c6 {[%clk 1:30:53]} 2. Nc3 {[%clk 1:31:18]} d5 {[%clk
1:31:13]} 3. Nf3 {[%clk 1:31:44]} dxe4 {[%clk 1:31:37]} 4. Nxe4 {[%clk
1:32:10]} Nf6 {[%clk 1:31:57]} 5. Qe2 {[%clk 1:32:35]} Nxe4 {[%clk 1:32:20]} 6.
Qxe4 {[%clk 1:32:59]} Qa5 {[%clk 1:32:42]} 7. Bd3 {[%clk 1:24:32]} Nd7 {[%clk
1:30:36]} 8. Qf4 {[%clk 1:23:53]} Nf6 {[%clk 1:16:30]} 9. O-O {[%clk 1:17:34]}
g6 {[%clk 1:14:59]} 10. Bc4 {[%clk 1:15:46]} Bg7 11. d3 {[%clk 1:07:37]} O-O
{[%clk 1:11:08]} 12. Bd2 {[%clk 1:01:11]} Qf5 {[%clk 1:10:17]} 13. Rfe1 {[%clk
1:00:10]} Re8 {[%clk 1:09:32]} 14. Ng5 {[%clk 0:58:01]} Nd5 {[%clk 1:08:10]}
15. Qh4 {[%clk 0:55:40]} h6 {[%clk 1:02:07]} 16. Ne4 {[%clk 0:55:53]} g5 {[%clk
1:00:16]} 17. Qh5 {[%clk 0:51:09]} Nf4 {[%clk 0:49:27]} 18. Bxf4 {[%clk
0:45:42]} gxf4 {[%clk 0:48:38]} 19. Qf3 {[%clk 0:43:45]} Bd7 {[%clk 0:46:41]}
20. c3 {[%clk 0:29:23]} c5 {[%clk 0:43:35]} 21. a4 {[%clk 0:28:06]} Bc6 {[%clk
0:39:47]} 22. Bb5 {[%clk 0:26:03]} Rac8 {[%clk 0:38:22]} 23. Ng3 {[%clk
0:19:40]} Qg5 {[%clk 0:36:24]} 24. Ne4 {[%clk 0:19:21]} Qf5 {[%clk 0:35:19]}
25. Ng3 {[%clk 0:19:27]} Qg5 {[%clk 0:32:15]} 26. Bxc6 {[%clk 0:17:20]} Rxc6
{[%clk 0:32:24]} 27. Nh5 {[%clk 0:17:38]} Be5 {[%clk 0:32:19]} 28. Re4 {[%clk
0:17:24]} Rd8 {[%clk 0:31:04]} 29. g3 {[%clk 0:11:48]} Rg6 {[%clk 0:28:17]} 30.
Nxf4 {[%clk 0:11:50]} Bxf4 {[%clk 0:28:35]} 31. Rxf4 {[%clk 0:12:17]} Rxd3
{[%clk 0:28:24]} 32. Qxd3 {[%clk 0:12:43]} Qxf4 {[%clk 0:28:25]} 33. Qxg6+
{[%clk 0:13:10]} 1-0